APAH - European and American Movements By Date - Statistics

General Stats
  • This quiz has been taken 7 times
  • The average score is 2 of 30
Answer Stats
Date Major Region Movement % Correct
1425 Italy Early Renaissance
100%
1925 Eastern United States Harlem Renaissance
100%
1515 Italy High Renaissance
100%
1940 Europe (architecture) International Style
100%
350 BCE Iran Persian
100%
1890 France Post-Impressionism / Symbolism / Art Nouveau
100%
1300 Europe Gothic
50%
1990 Global Contemporary
33%
2010 Global Contemporary
33%
1940 New York Abstract Expressionism
0%
1950 New York Abstract Expressionism
0%
1960 New York Abstract Expressionism
0%
1340 BCE Egypt Amarna Period
0%
600 BCE Greece Archaic
0%
550 BCE Greece Archaic
0%
500 BCE Greece Archaic
0%
800 BCE Iraq Assyrian
0%
750 BCE Iraq Assyrian
0%
700 BCE Iraq Assyrian
0%
650 BCE Iraq Assyrian
0%
1792 BCE Iraq Babylonian
0%
1780 BCE Iraq Babylonian
0%
1770 BCE Iraq Babylonian
0%
1760 BCE Iraq Babylonian
0%
1600 Europe & Americas Baroque
0%
1625 Europe & Americas Baroque
0%
1650 Europe & Americas Baroque
0%
1675 Europe & Americas Baroque
0%
400 BCE Greece Classical
0%
375 BCE Greece Classical
0%
350 BCE Greece Classical
0%
1915 Russia Constructivism
0%
1920 Russia Constructivism
0%
1930 Russia Constructivism
0%
1940 Russia Constructivism
0%
2000 Global Contemporary
0%
Present Global Contemporary
0%
1907 France Cubism
0%
1910 France Cubism
0%
1914 France Cubism
0%
1917 Europe & Americas Dada / De Stijl
0%
1920 Europe & Americas Dada / De Stijl
0%
1923 Europe & Americas Dada / De Stijl
0%
500 Eastern Mediterranean Early Byzantine
0%
600 Eastern Mediterranean Early Byzantine
0%
700 Eastern Mediterranean Early Byzantine
0%
1400 Italy Early Renaissance
0%
1450 Italy Early Renaissance
0%
1475 Italy Early Renaissance
0%
1000 BCE Italy Etruscan
0%
900 BCE Italy Etruscan
0%
800 BCE Italy Etruscan
0%
700 BCE Italy Etruscan
0%
1905 Germany Expressionism
0%
1905 Europe & Americas Fauvism
0%
1200 Europe Gothic
0%
1350 Europe Gothic
0%
1930 Eastern United States Harlem Renaissance
0%
1935 Eastern United States Harlem Renaissance
0%
300 BCE Greece Hellenistic
0%
200 BCE Greece Hellenistic
0%
100 BCE Greece Hellenistic
0%
500 British Isles Hiberno-Saxon
0%
600 British Isles Hiberno-Saxon
0%
700 British Isles Hiberno-Saxon
0%
1500 Italy High Renaissance
0%
1505 Italy High Renaissance
0%
1510 Italy High Renaissance
0%
750 Eastern Mediterranean Iconoclastic Controversy
0%
775 Eastern Mediterranean Iconoclastic Controversy
0%
800 Eastern Mediterranean Iconoclastic Controversy
0%
825 Eastern Mediterranean Iconoclastic Controversy
0%
1875 France Impressionism
0%
1880 France Impressionism
0%
1920 Europe (architecture) International Style
0%
1930 Europe (architecture) International Style
0%
1950 Europe (architecture) International Style
0%
1960 Europe (architecture) International Style
0%
200 Europe Late Antique
0%
300 Europe Late Antique
0%
400 Europe Late Antique
0%
500 Europe Late Antique
0%
1527 Italy Mannerism
0%
1550 Italy Mannerism
0%
1575 Italy Mannerism
0%
500 France Merovingian
0%
600 France Merovingian
0%
700 France Merovingian
0%
1920 Mexico Mexican Muralists
0%
1930 Mexico Mexican Muralists
0%
1940 Mexico Mexican Muralists
0%
1950 Mexico Mexican Muralists
0%
900 Eastern Mediterranean Middle and Late Byzantine
0%
1100 Eastern Mediterranean Middle and Late Byzantine
0%
1300 Eastern Mediterranean Middle and Late Byzantine
0%
1450 Eastern Mediterranean Middle and Late Byzantine
0%
1760 Europe Neoclassicism
0%
1770 Europe Neoclassicism
0%
1780 Europe Neoclassicism
0%
7000 BCE Near East Neolithic
0%
6000 BCE Near East Neolithic
0%
5000 BCE Near East Neolithic
0%
4000 BCE Near East Neolithic
0%
1500 BCE Egypt New Kingdom
0%
1400 BCE Egypt New Kingdom
0%
1200 BCE Egypt New Kingdom
0%
1100 BCE Egypt New Kingdom
0%
1430 Northern Europe Northern Renaissance
0%
1450 Northern Europe Northern Renaissance
0%
1500 Northern Europe Northern Renaissance
0%
1550 Northern Europe Northern Renaissance
0%
2500 BCE Egypt Old Kingdom
0%
2400 BCE Egypt Old Kingdom
0%
2300 BCE Egypt Old Kingdom
0%
2200 BCE Egypt Old Kingdom
0%
20000 BCE Near East Paleolithic
0%
15000 BCE Near East Paleolithic
0%
10000 BCE Near East Paleolithic
0%
30000 BCE Near East Paleolithic
0%
500 BCE Iran Persian
0%
450 BCE Iran Persian
0%
400 BCE Iran Persian
0%
1960 Europe & United States Pop Art / Color Field Paintings / Happenings / Site Art
0%
1965 Europe & United States Pop Art / Color Field Paintings / Happenings / Site Art
0%
1970 Europe & United States Pop Art / Color Field Paintings / Happenings / Site Art
0%
1975 Europe & United States Pop Art / Color Field Paintings / Happenings / Site Art
0%
1885 France Post-Impressionism / Symbolism / Art Nouveau
0%
1895 France Post-Impressionism / Symbolism / Art Nouveau
0%
1980 Europe & United States (architecture) Postmodern
0%
1985 Europe & United States (architecture) Postmodern
0%
1990 Europe & United States (architecture) Postmodern
0%
1855 Europe & Americas Realism
0%
1860 Europe & Americas Realism
0%
1865 Europe & Americas Realism
0%
1710 France Rococo
0%
1720 France Rococo
0%
1730 France Rococo
0%
1740 France Rococo
0%
1 Italy Roman Empire
0%
100 Italy Roman Empire
0%
250 Italy Roman Empire
0%
400 Italy Roman Empire
0%
1050 Europe Romanesque
0%
1075 Europe Romanesque
0%
1100 Europe Romanesque
0%
500 BCE Italy Roman Republic
0%
350 BCE Italy Roman Republic
0%
150 BCE Italy Roman Republic
0%
50 BCE Italy Roman Republic
0%
1810 Europe & Americas Romanticism
0%
1820 Europe & Americas Romanticism
0%
1830 Europe & Americas Romanticism
0%
1840 Europe & Americas Romanticism
0%
3250 BCE Iraq Sumerian
0%
3000 BCE Iraq Sumerian
0%
2750 BCE Iraq Sumerian
0%
2500 BCE Iraq Sumerian
0%
1925 France Surrealism
0%
1930 France Surrealism
0%
1935 France Surrealism
0%
No matching quizzes found
Score Distribution
Percent of People with Each Score
Percentile by Number Answered
Your Score History
You have not taken this quiz